01152nam a2200217 4500008004100000020001800041050002000059082001800079100003400097240003200131245010700163260004000270300003500310490002300345500010800368505032800476650004100804650003000845650002700875700003200902181128s2011 a|||| |||| 00| 0 spa d a9788484286103 aPN1992.7bD6818 a791.45bD746c 1aDouglas, Pamelad1944-eautor aWriting the TV Drama Series aCómo escribir una serie dramática de televisiónc/ Pamela Douglas ; traducción Ismael Attrache aBarcelona, Españab: Albac, 2011 a421 páginasb: ilustraciones aFuera de campov14 aIncluye: Apéndice 1: Direcciones útiles Apéndice 2: Permisos Apéndice 3: Fuentes Glosario p.413 a¿Qué tienen de especial las series dramáticas de televisión? Cómo llegan las series a las televisiones y a la parrilla Cómo se crea un guión clásico Escribe tu propio episodio Lo importante son los contactos Cómo acceder al sector La vida después de la escuela de cine: advertencias y ejemplos de éxito14aLIBRETOS PARA TELEVISIÓNxMANUALES24aAUTORÍA EN TELEVISIÓN24aSERIES DE TELEVISIÓN 1aAttrache, Ismaeletraductor